000 00356nam a2200133Ia 4500
008 240624s9999 xx 000 0 und d
041 _aeng
082 _a658.4012 BAC
100 _aBACKMAN MICHAEL
245 _aBIG IN ASIA 30 STRATEGIES FOR BUSINESS S
260 _c2007
_aNew York
_bPalgrave Macmillan
300 _ax, 438 p.; 23 cm.
365 _cERU
_b38
999 _c29002
_d29002